000 01553cam a22002895a 4500
001 L159566
008 170912s1990 xxk f 000 0 eng d
020 _a9781138254817
035 _a(Sirsi) u159566
041 _aeng
050 _a711.1 $2 18
100 _aFortlage, C. A.
245 _aEnvironmental assessment
_ba practical guide
260 _aAbingdon
_bRoutledge
_c1990
300 _a168p.
350 _a34.99
505 2 _aEnvironmental Assessment past and present -- Legislation -- Schedules 1, 2, and 3 -- Management -- The Environmental Assessment Programme -- The Environmental Statement: schedule 3 information -- Qualitative assessment techniques -- Conclusion
520 _aAn essential guide to the process, reviewing the history and background to assessment, summarizing the current legislation and providing useful advice on the skills and management techniques needed for a successful environmental assessment project. Environmental assessment is a means of counteracting, foreseeing and controlling interference in the environment. All new major developments in Europe and North America are now subjects of scrutiny to prevent them from causing significant harmful effects to the land, sea or air.
650 _aENVIRONMENTAL ASSESSMENT
650 _aQUALITY ASSURANCE
650 _aSTRATEGIC ENVIRONMENTAL ASSESSMENT
650 2 4 _aENVIRONMENTAL IMPACT ANALYSIS
650 2 4 _aBUILT ENVIRONMENT-SUSTAINABLE CONSTRUCTION
651 4 _aENGLAND AND WALES
690 _aPlanning and development
_96259
942 _n0
999 _c116006
_d116006